000 00985nam0a2200289 4500
001 RU\NLR\bibl\1700340
005 20250616061330.0
035 _a(NLR Aleph) 001691424
090 _a1163222
_c1163222
100 _a20101116d2000 |||y0rusy50 ca
101 0 _arus
102 _aRU
105 _ay |||||||||
200 1 _aСтратегия развития тренинг центров
_fЖадько Н.В.
210 _aМосква
_cЕлена
_d2000
215 _a64 с.
_d21
313 _aНепрерывное библиотечное образование
606 1 _aБиблиотечно-информационное образование непрерывное
_92599600
_3RU\NLR\auth\661536158
686 _aЧ734(2)р
686 _aЧ459.56
700 1 _aЖадько
_bН. В.
_gНаталья Викторовна
_4070
801 0 _aRU
_bNLR
_c20101116
_gRCR
801 1 _aRU
_bNLR
_c20101116
830 _aпо эк
942 _cBOOK
980 _aNB